000 00596nam a2200229Ia 4500
003 OSt
005 20220924135422.0
006 a|||||r|||| 00| 0
007 ta
008 220923b |||||||| |||| 00| 0 ben d
024 _a291126
037 _cTextual
040 _aARTS
_cARTS
_bben
041 _2ben
_aben
082 _aO1512,1D100C157,1Q22, 157M6
100 _aJana
_9205092
245 0 _aGathasapta sati
260 _c1986
650 _aPRAKRT LITERATURE
_9210298
942 _hO1512,1D100C157,1Q22, 157M6
_cTEXL
_2CC
999 _c440653
_d440653